Analysis 1 - Statistiken

Allgemein
  • Dieses Quiz wurde 7 mal gespielt
  • Das Durchschnittsergebnis liegt bei 5 aus 9
Antwortstatistiken
Hint Antwort % Korrekt
Körperaxiom inverses Element
100%
Körperaxiom neutrales Element
86%
Körperaxiom Assoziativgesetz
71%
Körperaxiom Kommutativgesetz
57%
Anordnungsaxiom Transitivität
43%
Anordnungsaxiom Vergleichbarkeit
43%
Anordnungsaxiom Monotoniegesetz der Addition
29%
Anordnungsaxiom Monotoniegesetz der Multiplikation
29%
Körperaxiom Distributivgesetz der Multiplikation
14%
Keine übereinstimmenden Quizze gefunden
Verteilung der Resultate
Anzahl Personen mit jedem Resultat
Perzentil nach korrekt beantworteten Fragen
Ihre Resultats-Entwicklung
Sie haben dieses Quiz noch nicht gespielt